Statistics for Jaws: The Shark's Victims

Click here to take the quiz!

General Stats

  • This quiz has been taken 62 times
  • The average score is 5 of 15

Answer Stats

FilmAnswer% Correct
JawsSam Quint
93%
JawsAlex Kintner
84%
JawsChrissie Watkins
75%
Jaws: The RevengeSean Brody
61%
JawsBen Gardner
48%
Jaws 3Ed
27%
Jaws 2Eddie Marchand
27%
Jaws 3Philip FitzRoyce
23%
Jaws 3Shelby Overman
20%
Jaws 2Terry
20%
Jaws 2Diane
16%
Jaws 2Marge
16%
Jaws 3Fred
9%
Jaws 3Randy
9%
Jaws: The RevengeMrs. Ferguson
7%

Score Distribution

Percentile by Number Answered

Percent of People with Each Score

Your Score History

You have not taken this quiz